| 000 | 00707cab a2200265 4500 | ||
|---|---|---|---|
| 001 | ABS51482 | ||
| 008 | 090401t1994 xxu||||| |||| 00| 0 eng d | ||
| 035 | _a(Sirsi) u29635 | ||
| 041 | _aeng | ||
| 100 | _aBirkbeck, D. | ||
| 245 | _aHot and cold water | ||
| 260 | _c1994 | ||
| 350 | _a0 | ||
| 490 |
_aBuilding Market Report _vSeptember 1994, 6-9(3) |
||
| 520 | _aLooks at the effect Ofwat`s pricing review will have on the infrastructure maintenance programme. | ||
| 650 | _aCAPITAL SPENDING | ||
| 650 | _aEXPENDITURE | ||
| 650 | _aFUNDING | ||
| 650 |
_aInfrastructure _96246 |
||
| 650 | _aSTATISTICS | ||
| 650 | _aWATER INDUSTRY | ||
| 690 | _aWATER | ||
| 942 | _n0 | ||
| 948 | _c04/03/1997 | ||
| 999 |
_c19940 _d19940 |
||